Supporting Mechanisms in European University-Business Collaboration

Spolupráca medzi univerzitami a podnikmi. Podporné mechanizmy, ktoré môžu zlepšiť prepojenie medzi univerzitami a podnikmi v Európe. Štyri typy podporných mechanizmov: politický, štrukturálny, strategický a operačný.

Enregistré dans:
Détails bibliographiques
Auteur principal: Glittová, Klaudia, 1995-
Format: Chapitre de livre
Langue:anglais
Sujets:
Tags: Ajouter un tag
Pas de tags, Soyez le premier à ajouter un tag!

MARC

LEADER 00000naa$a2200000$$$4500
001 0283819
005 20240502074409.2
041 0 |a eng 
044 |a SK 
245 1 0 |a Supporting Mechanisms in European University-Business Collaboration  |c Klaudia Glittová 
520 |a Spolupráca medzi univerzitami a podnikmi. Podporné mechanizmy, ktoré môžu zlepšiť prepojenie medzi univerzitami a podnikmi v Európe. Štyri typy podporných mechanizmov: politický, štrukturálny, strategický a operačný. 
610 2 0 |a univerzity 
610 2 0 |a podnik 
610 2 0 |a vzdelávanie vysokoškolské 
610 2 0 |a inovácia 
610 2 0 |a Európa 
100 1 |a Glittová, Klaudia, 1995-